"Three cheers ,Secret Seven." (Record no. 1347767)

MARC details
000 -LEADER
fixed length control field 00466nam a2200181Ia 4500
008 - FIXED-LENGTH DATA ELEMENTS--GENERAL INFORMATION
fixed length control field 151202s9999||||xx |||||||||||||| ||und||
082 ## - DEWEY DECIMAL CLASSIFICATION NUMBER
Item number PNVM-83080
100 ## - MAIN ENTRY--PERSONAL NAME
Personal name ENID BLYTON.
245 ## - TITLE STATEMENT
Title "Three cheers ,Secret Seven."
260 ## - PUBLICATION, DISTRIBUTION, ETC. (IMPRINT)
Name of publisher, distributor, etc HODDER & STOUGHTON.
260 ## - PUBLICATION, DISTRIBUTION, ETC. (IMPRINT)
Date of publication, distribution, etc 2004
300 ## - PHYSICAL DESCRIPTION
Extent 134
600 ## - SUBJECT ADDED ENTRY--PERSONAL NAME
Personal name ENID BLYTON.
630 ## - SUBJECT ADDED ENTRY--UNIFORM TITLE
Uniform title "Three cheers ,Secret Seven."
700 ## - ADDED ENTRY--PERSONAL NAME
Personal name ENID BLYTON.
730 ## - ADDED ENTRY--UNIFORM TITLE
Uniform title "Three cheers ,Secret Seven."
942 ## - ADDED ENTRY ELEMENTS (KOHA)
Koha item type Book

No items available.